00337nam a2200133Ia 4500008004100000041000800041082001600049100001300065245005200078260003700130300001200167365000700179650001700186210719s2005 xx 000 0 und d aeng a255.53 JESU aJESUITS; aJesuits year book of the society of Jesus 2005. aRomebJesuit General Curiac2005 a159bPB cRs aChristianity